000 nam a22 a 4500
999 _c125338
_d125338
003 BLK
005 20221129171727.0
008 180409b bul|||||r ||||||| ||bul||
040 _aBLK
041 _aBUL
_cBUL
080 _aТрудово възпитание
_b37.035.3
_x(072)
_z37.035.3(072)
100 1 _aБалкански, Петър Димитров
_eпърви автор
_9365301
139 _aБалкански, Петър Димитров
245 1 0 _aТрудовото възпитание на пионерите
_bМетод. ръководство
_cПетър Балкански.
257 _aBGR
260 _aСофия
_bНар. младеж
_c1979
_fЛовеч : Хр. Кърпачев
300 _a104 с.
_c20 см
380 _a3
500 _aБиблиогр. с. 95-101.
650 4 _aТрудово възпитание - педагогически въпроси
_9251375
653 _aтрудово възпитание
653 _aпионери
653 _aметодика на образованието
852 _aЦб 100591
_bЦб
942 _cKNG
_n0
_s1
944 _aCR
_c31.05.2012
_l31.05.2012 - от С1,Р / 31.05.2012
_kВиолета_Тройчева
944 _aED
_c2022-11-29